000 00634nam a2200169 i 4500
001 122274
003 ES-MaACL
005 20230906191937.0
007 t|
008 050825s1904 sp ||||1| spa d
110 2 _aCompañía Madrileña de Urbanización.
_93121
245 1 0 _aCompañía Madrileña de Urbanización
_b: décimo ejercicio social desde 1º de enero a 31 diciembre de 1903: memoria.
260 _a[Madrid :
_bs.n.],
_c1904 (
_fImpr. de la Compañía Madrileña de Urbanización)
300 _a64 p. ;
_c22 cm.
610 2 4 _aCompañía Madrileña de Urbanización-
_vMemorias.
_9151812
852 _aES-MaACL
_jT-1036-F-6
999 _c122274
_d122274